000 00640nam a2200217Ia 4500
003 GCL
008 140319s9999 xx 000 0 ara d
040 _aGCL /
_cGCL
082 0 4 _a810.8
_bم ا
100 1 _aمحمد ابوالفضل ابراهيم
245 1 0 _aايام العرب فى الجاهلية /
_cمحمد ابوالفضل ابراهيم
700 1 _aعلى محمد البجاوى
300 _a448 ص
490 _a
650 0 4 _aالجاهلية
650 0 4 _aالعرب
650 0 4 _aالقبائل العربية
650 0 4 _aالعرب والفرس
650 0 4 _aالاوس والخزرج
942 _2ddc
_cBK
999 _c37618
_d37618